Joueurs de foot - Statistiques

Statistiques générales
  • Ce quiz a été pris 3 353 fois
    3 320 depuis la dernière actualisation
  • Le résultat moyen est 23 sur 107
Statistiques - réponses
Joueurs % Correct
Lionel Messi
96%
Cristiano Ronaldo
94%
Kylian Mbappé
86%
Neymar
71%
Karim Benzema
60%
Antoine Griezmann
55%
Erling Haaland
52%
Dominic Calvert-Lewin
51%
Son Heung-Min
48%
Luka Modric
47%
Paul Pogba
45%
Kevin De Bruyne
44%
Mohamed Sallah
43%
N'Golo Kante
41%
Harry Kane
39%
Sergio Ramos
39%
Thibaut Courtois
38%
Robert Lewandowski
36%
Toni Kroos
36%
Bernardo Silva
34%
Hugo Lloris
34%
Luis Suarez
34%
Thiago Silva
34%
Ousmane Dembélé
33%
Manuel Neuer
31%
Raphaël Varane
31%
Virgil Van Dijk
29%
Thomas Müller
28%
Achraf Hakimi
26%
Alisson
26%
Ederson
26%
Rodri
24%
Sadio Mané
24%
Theo Hernandez
24%
Angel Di Maria
23%
Eden Hazard
23%
Marc-André Ter Stegen
23%
Marquinhos
23%
Romelu Lukaku
23%
Casemiro
22%
Phil Foden
21%
Zlatan Ibrahimovic
21%
Joshua Kimmich
20%
Keylor Navas
20%
Kingsley Coman
20%
Riyad Mahrez
20%
Marco Verrati
19%
Paulo Dybala
19%
Ruben Dias
19%
Marcus Rashford
18%
Gérard Piqué
17%
Kyle Walker
17%
Roberto Firmino
17%
Trent Alexander Arnold
17%
Antonio Rudiger
16%
Carvajal
16%
Jordi Alba
16%
Sergio Busquets
15%
Bruno Fernandes
14%
Joao Cancelo
14%
Kai Havertz
14%
Pierre-Emerick Aubameyang
14%
Raheem Sterling
14%
Sergio Agüero
14%
Andrew Robertson
13%
David De Gea
13%
Jack Grealish
12%
Jan Oblak
12%
Harry Maguire
11%
Jadon Sancho
11%
Serge Gnabry
11%
Alphonso Davies
10%
Iikay Gundogan
10%
Jorginho
10%
Memphis Depay
10%
Aymeric Laporte
9%
Fabinho
9%
Jordan Henderson
9%
Mason Mount
9%
Giorgio Chiellini
8%
John Stones
8%
Leon Goretzka
8%
Ciro Immobile
7%
Federico Chiesa
7%
Thiago Alcantara
6%
Kalidou Koulibaly
5%
Lorenzo Insigne
5%
Mats Hummels
5%
Nicolo Barella
5%
Yann Sommer
5%
Alejandro Gomez
4%
Jamie Vardy
4%
Luke Shaw
4%
Papu Gomez
4%
Ben Chilwell
2%
Samir Handanovic
2%
Jesse Lingard
1%
Kurt Zouma
1%
Luis Alberto
1%
Nathaniel Phillips
1%
Raphael Guerreiro
1%
Wojciech Szczesny
1%
Zinedine Ferhat
0%
Domenico Berardi
0%
Henrikh Mkhitaryan
0%
Matheus Cunha
0%
Pedri Gonzalez
0%
Aucun quiz correspondant
Distribution des résultats
% des personnes avec chaque résultat
Percentile par nombre de réponses
Votre historique - résultats
Vous n’avez pas pris ce quiz depuis la dernière actualisation